1884 1390 1320 1599 1745 1845 1665 1474 1812 1124 1418 1277 1320 1973 1231 1322 1404 1231 1328 1526 1018 1435 1185 1736 1207 1502 1298 1069 1379 1171 1312 1725 1205 1440 1787 1606 1337 1488 1950 1520 1085 1783 1801 1000 1894 1790 1666 1923 1471 1404 1328 1062 1050 1188 1775 1156 1729 1242 1791 1709 1416 1892 1013 1954 1175 1743 1366 1169 1356 1415 1064 1991 1511 1323 1477 1988 1531 1976 1692 1029 1285 1371 1577 1067 1898 1063 1054 1757 1287 1869 1111 1657 1734 1186 1560 1294 1988 1496 1206 BCNSPRNW ULIB Ver.6.0+V

เปลี่ยนเป็นภาษาไทย

Change to English
 แสดงรายละเอียดบรรณานุกรม
  กลับหน้าหลัก

Brief Record : Get Marc (ISO 2709) : E-mail record : QR code < ปิดหน้าต่าง
LEADER : 00000nam 2200000uu 4500
001    13399113431
003     ULIB
008    111115s2550||||th 000 0 tha d
020    ^a9789748134994
060  4 ^aWA540.TJ3^bส691ร 2550
110 1  ^aสำนักงานหลักประกันสุขภาพแห่งชาติ
245 00 ^aรวมสารคดีวิทยุประชาสัมพันธ์หลักประกันสุขภาพถ้วนหน้า/^cสำนักงานหลักประกันสุขภาพแห่งชาติ
260    ^aนนทบุรี:^bสำนักงานหลักประกันสุขภาพแห่งชาติ,^c2550
300    ^a36 หน้า:^bภาพประกอบ
650  7 ^aหลักประกันสุขภาพถ้วนหน้า
945    ^p0^l0^i14424
945    ^p0^l0^i14426
945    ^p0^l0^i14425
945    ^p0^l0^i14422
945    ^p0^l0^i14427
995    ^aกัณชพร
999    ^aใช้งานได้ทุกระบบ
รายการนี้ยังไม่มีแท็ก
คุณยังไม่ได้ล็อกอิน คุณสามารถมีกิจกรรมร่วมกับเว็บไซต์ได้ แต่ต้องล็อกอินก่อน ::
  ล็อกอิน

รายการสื่อสารสนเทศ

ลำดับที่ ประเภท เลขเรียก/บาร์โค้ด สถานที่ สถานะ
- ไม่พบข้อมูล -

รายการใกล้เคียง
    หัวเรื่อง [หลักประกันสุขภาพถ้วนหน้า]

BibComment


ยังไม่เคยถูกคอมเมนท์

คอมเมนท์ทรัพยากรรายการนี้
  คอมเมนท์: รวมสารคดีวิทยุปร..


 Copyright 2026. Bcnsprnw @Library